QCM Grandes Dates de l'Histoire de France - Statistiques

Statistiques générales
  • Ce quiz a été pris 10 459 fois
  • Le résultat moyen est 9 sur 15
Statistiques - réponses
Question Réponse % Correct
Défaite de Vercingétorix face à Jules César à Alésia -52 Av.J.-C
81%
Séparation de l'église et de l'État 1905
79%
Fin de la guerre d'Algérie 1962
79%
Proclamation de la 5ème République 1958
76%
Abolition de la peine de mort 1981
74%
Mort du Roi Louis XIV 1715
65%
Napoléon Bonaparte sacré Empereur 1804
61%
Loi sur l'IVG de Simone Veil 1975
55%
Fin de la guerre de Cent ans 1453
52%
Victoire de Philippe II Auguste à la bataille de Bouvines 1214
51%
Révolution de Juillet, dites "Trois Glorieuses". 1830
47%
"J'accuse... !" d'Émile Zola lors de l'affaire Dreyfus 1898
45%
Jacques Cartier découvre le Canada 1534
44%
Édith Cresson devient Première Ministre 1991
39%
Charlemagne sacré Roi des Francs 768
11%
Aucun quiz correspondant
Distribution des résultats
% des personnes avec chaque résultat
Percentile par nombre de réponses
Votre historique - résultats
Vous n’avez pas pris ce quiz